[Event "Central-SRB chT 2018"]
[Site "Kragujevac"]
[Date "2018.09.14"]
[Round "1"]
[White "Atakisi, Umut"]
[Black "Rakhmanov, Aleksandr"]
[Result "0-1"]
[WhiteElo "2397"]
[BlackElo "2647"]
[Annotator "TA"]
[PlyCount "104"]
[EventDate "2018.09.14"]
[EventType "team-tourn"]
[EventCountry "SRB"]
[SourceTitle "playchess.com"]
[Source "ChessBase"]
[SourceQuality "1"]

{[%evp 14,104,60,49,58,64,56,38,45,42,31,5,7,14,4,15,18,8,19,2,11,0,14,0,0,0,0,0,0,0,0,0,11,0,0,0,9,0,17,0,0,0,0,0,0,7,19,10,10,21,34,0,0,0,0,-30,-20,-9,0,-15,0,0,0,0,0,-88,0,0,0,0,0,0,0,0,0,0,0,0,0,-81,-78,-106,-114,-392,-393,-383,-376,-408,-408,-679,-662,-989,-980]} 1. e4 d5 2. exd5 Qxd5 3. Nc3 Qd6 4. d4 g6 (4... Nf6 5. a3 c6 6. Bc4 Be6 7. Bxe6 Qxe6+ 8. Nge2 Qd7 9. O-O e6 10. Ng3 Be7 11. Nce4 Nxe4 12. Nxe4 Qd5 {0-1 (38) Mamedov,R (2709)-Carlsen,M (2834) chess.com INT 2018}) 5. Nf3 Nf6 6. Nb5 {[%cal Bc3b5,Bb5a3,Ba3c4,Bc4e5][%mdl 32] B01: Scandinavian Defence} Qb6 7. Na3 Be6 8. c3 {LiveBook: 7 Games. White is slightly better.} c6 9. Nc4 Qc7 10. Nce5 $146 ({Predecessor:} 10. Ng5 Bd5 11. Ne3 h6 12. Nxd5 Nxd5 13. Nf3 {½-½ (92) Antipov,M (2580)-Rakhmanov,A (2670) Sochi 2017}) 10... Nbd7 11. Bf4 {Black must now prevent Nxg6!} Nxe5 12. Nxe5 Nh5 13. Be3 Bg7 14. Be2 Nf6 15. Bf4 {Hoping for Nxg6!} Qb6 16. Nd3 Nd5 17. Bg3 h5 {[%cal Bh7h5,Bh5h4][%mdl 32]} 18. h3 h4 19. Bh2 Bf5 20. Qb3 O-O 21. O-O Rfe8 22. Rfe1 a5 23. Qxb6 Nxb6 24. Nc5 Ra7 25. a4 Nd5 26. Bf3 b6 27. Ne4 Rd8 28. Nd2 f6 29. Be4 Kf7 30. Bxf5 gxf5 31. Nf3 Rh8 32. c4 Nb4 {Strongly threatening ...Nc2.} 33. Re2 Rd7 34. b3 e6 35. Rae1 Nd3 36. Rb1 Bf8 37. Kf1 c5 38. Rd1 Nb4 39. Rde1 (39. Ree1 $11 {keeps the balance.}) 39... Nd3 (39... cxd4 $17 {...d3 is the strong threat.} 40. Rxe6 Nc2 41. Rxf6+ (41. R1e2 $2 d3 $19) 41... Kxf6 42. Be5+ Ke6 43. Ng5+ Ke7 44. Bxh8+ Nxe1 45. Kxe1 d3) 40. Rd1 $11 Nb4 41. Ree1 Rh5 42. dxc5 Rxd1 43. Rxd1 Bxc5 44. Bd6 e5 $1 {[%cal Be6e5,Be5e4][%mdl 32]} 45. Bxc5 bxc5 {[%mdl 4096] Endgame KRN-KRN} 46. Rd6 (46. Rd8 $11 {remains equal.}) 46... Rh8 $17 47. Rb6 e4 48. Nd2 $2 {[%mdl 8192] [#]} (48. Ne1 $17) 48... Rd8 $1 $19 {[%cal Rd8d2]} 49. Ke2 Nd3 50. Rb5 Kg6 51. Rxa5 (51. g3 $142 Nxf2 52. gxh4) 51... Nc1+ 52. Ke1 {[#]} Rxd2 $1 {[%mdl 512] Precision: White = 36%, Black = 84%.} 0-1

[Event "Central-SRB chT 2018"]
[Site "Kragujevac"]
[Date "2018.09.14"]
[Round "1"]
[White "Pavlovic, Dejan S"]
[Black "Mijailovic, Zoran"]
[Result "1-0"]
[WhiteElo "2396"]
[BlackElo "2400"]
[Annotator "ChessBase"]
[PlyCount "85"]
[EventDate "2018.09.14"]
[EventType "team-tourn"]
[EventCountry "SRB"]
[SourceTitle "playchess.com"]
[Source "ChessBase"]
[SourceQuality "1"]
[TimeControl "40/5400+30:1800+30"]

1. e4 {[%emt 0:00:00]} e5 {[%emt 0:00:00]} 2. Nf3 {[%emt 0:00:00]} Nf6 {[%emt 0:00:05]} 3. d4 {[%emt 0:00:25]} Nxe4 {[%emt 0:01:09]} 4. Bd3 {[%emt 0:00:22]} d5 {[%emt 0:01:57]} 5. Nxe5 {[%emt 0:00:16]} Be6 {[%emt 0:02:49]} 6. O-O {[%emt 0:01:23]} Nd7 {[%emt 0:01:24]} 7. Bxe4 {[%emt 0:02:21]} dxe4 {[%emt 0:19:10]} 8. Bf4 {[%emt 0:00:38]} Nxe5 {[%emt 0:06:51]} 9. Bxe5 {[%emt 0:01:37]} Bd6 {[%emt 0:04:08]} 10. Nc3 {[%emt 0:04:53]} Bxe5 {[%emt 0:20:31]} 11. dxe5 {[%emt 0:00:08]} Qg5 {[%emt 0:01:46]} 12. Qd4 {[%emt 0:02:57]} e3 {[%emt 0:02:02]} 13. f4 {[%emt 0:03:33]} Qg6 {[%emt 0:00:56]} 14. Qxe3 {[%emt 0:06:37]} O-O {[%emt 0:03:19]} 15. Rf2 {[%emt 0:14:31]} b6 {[%emt 0:12:09]} 16. Rd1 {[%emt 0:03:09]} Rad8 {[%emt 0:02:11]} 17. Rfd2 {[%emt 0:03:41]} Rxd2 {[%emt 0:00:23]} 18. Rxd2 {[%emt 0:00:13]} f6 {[%emt 0:03:34]} 19. Nb5 {[%emt 0:06:55]} Bc4 {[%emt 0:04:10]} 20. e6 {[%emt 0:24:40]} Bxb5 {[%emt 0:06:58]} 21. Qb3 {[%emt 0:00:28]} Re8 {[%emt 0:00:58]} 22. Qxb5 {[%emt 0:01:43]} f5 {[%emt 0:00:12]} 23. Re2 {[%emt 0:01:14]} Re7 {[%emt 0:01:58]} 24. Qd5 {[%emt 0:01:26]} h6 {[%emt 0:00:37]} 25. Re5 {[%emt 0:02:14]} Kh7 {[%emt 0:00:38]} 26. a4 {[%emt 0:01:21]} a5 {[%emt 0:01:06]} 27. c3 {[%emt 0:00:40]} Qe8 {[%emt 0:00:22]} 28. b3 {[%emt 0:00:29]} Kh8 {[%emt 0:00:36]} 29. h3 {[%emt 0:02:54]} Qg6 {[%emt 0:00:51]} 30. b4 {[%emt 0:02:49]} Kh7 {[%emt 0:00:38]} 31. bxa5 {[%emt 0:00:20]} bxa5 {[%emt 0:00:01]} 32. Kh2 {[%emt 0:02:59]} Qf6 {[%emt 0:01:45]} 33. c4 {[%emt 0:01:51]} Kg6 {[%emt 0:00:37]} 34. Qxa5 {[%emt 0:04:12]} Rxe6 {[%emt 0:00:06]} 35. Rxe6 {[%emt 0:00:41]} Qxe6 {[%emt 0:00:02]} 36. Qxc7 {[%emt 0:00:10]} h5 {[%emt 0:00:29]} 37. c5 {[%emt 0:00:46]} Kh7 {[%emt 0:00:21]} 38. Qd6 {[%emt 0:00:40]} Qe3 {[%emt 0:00:13]} 39. Qe5 {[%emt 0:00:36]} Qd3 {[%emt 0:00:02]} 40. h4 {[%emt 0:00:00]} Qc2 {[%emt 0:00:00]} 41. a5 {[%emt 0:01:30]} g6 {[%emt 0:01:20]} 42. a6 {[%emt 0:23:27]} Qf2 {[%emt 0:01:45]} 43. a7 {[%emt 0:02:43]} 1-0

[Event "Central-SRB chT 2018"]
[Site "Kragujevac"]
[Date "2018.09.14"]
[Round "1"]
[White "Zlatanovic, Boroljub"]
[Black "Nestorovic, Dejan"]
[Result "1-0"]
[WhiteElo "2371"]
[BlackElo "2340"]
[Annotator "NA"]
[PlyCount "71"]
[EventDate "2018.09.14"]
[EventType "team-tourn"]
[EventCountry "SRB"]
[SourceTitle "playchess.com"]
[Source "ChessBase"]
[SourceQuality "1"]
[TimeControl "40/5400+30:1800+30"]

1. c4 {[%emt 0:00:00]} e5 {[%emt 0:00:00]} 2. Nc3 {[%emt 0:00:00]} Nf6 {[%emt 0:00:00]} 3. g3 {[%emt 0:00:00]} d5 {[%emt 0:00:00]} 4. cxd5 {[%emt 0:00:04]} Nxd5 {[%emt 0:00:10]} 5. Bg2 {[%emt 0:00:28]} Nb6 {[%emt 0:00:11]} 6. Nf3 {[%emt 0:00:32]} Nc6 {[%emt 0:00:13]} 7. O-O {[%emt 0:01:11]} Be7 {[%emt 0:00:11]} 8. d3 {[%emt 0:01:38]} O-O {[%emt 0:00:11]} 9. Be3 {[%emt 0:01:28]} Re8 {[%emt 0:00:50]} 10. Rc1 {[%emt 0:04:31]} Bf8 {[%emt 0:03:33]} 11. Na4 {[%emt 0:11:10] LiveBook: 30 Games} Nd4 {[%emt 0:04:11]} 12. Nc5 {[%emt 0:06:06]} Bxc5 {[%emt 0:07:35] A29: Englische Eröffnung (Vierspringer-Variante)} (12... a5 13. Bxd4 exd4 14. Nb3 g5 15. Qd2 g4 16. Nh4 Re5 17. Qf4 Qd6 18. e3 Rb5 19. Rxc7 Qxf4 20. exf4 {0-1 (28) Granda Zuniga,J (2648)-So,W (2794) Douglas 2016}) 13. Rxc5 {[%emt 0:00:25]} Qd6 {[%emt 0:00:09]} 14. b4 {[%emt 0:08:49]} c6 {[%emt 0:28:23]} 15. Nxd4 {[%emt 0:06:46]} exd4 {[%emt 0:00:24]} 16. Bf4 {[%emt 0:00:03]} Qe7 {[%emt 0:00:15] [#]} 17. a4 $146 {[%emt 0:12:01]} ({Vorgänger:} 17. e3 dxe3 18. fxe3 Be6 19. a3 Rad8 20. e4 {½-½ (60) Belous,V (2524)-Bukavshin,I (2504) Sochi 2012}) 17... Bg4 {[%emt 0:23:14]} 18. Re1 {[%emt 0:03:22]} a5 {[%emt 0:02:08]} 19. Rxa5 {[%emt 0:06:09]} Qxb4 {[%emt 0:01:37]} 20. Bd2 {[%emt 0:00:43]} Qe7 {[%emt 0:08:26]} 21. Qb3 {[%emt 0:03:40]} Rxa5 {[%emt 0:08:33]} 22. Bxa5 {[%emt 0:00:16]} Nc8 {[%emt 0:00:17]} 23. h3 {[%emt 0:06:44]} Be6 {[%emt 0:03:58]} 24. Qb4 {[%emt 0:04:30]} (24. Qb2 $16) 24... b6 {[%emt 0:02:33]} 25. Qxe7 $14 {[%emt 0:00:57]} Rxe7 {[%emt 0:00:08]} 26. Bd2 {[%emt 0:01:16]} c5 {[%emt 0:04:38]} 27. a5 {[%emt 0:04:58]} b5 {[%emt 0:00:46]} 28. Rc1 {[%emt 0:00:17]} c4 {[%emt 0:00:12]} 29. Bb4 {[%emt 0:00:09]} Rc7 {[%emt 0:00:25]} 30. e3 {[%emt 0:03:20]} dxe3 {[%emt 0:00:31]} 31. fxe3 {[%emt 0:00:01]} f5 {[%emt 0:00:51]} 32. dxc4 {[%emt 0:01:36]} bxc4 {[%emt 0:00:35]} 33. Bc3 {[%emt 0:03:31]} Kf7 {[%emt 0:00:28]} 34. Rb1 {[%emt 0:01:08]} Ne7 {[%emt 0:00:40]} 35. a6 {[%emt 0:02:20]} Bc8 {[%emt 0:00:39]} 36. Rb7 {[%emt 0:01:15]} 1-0

[Event "Central-SRB chT 2018"]
[Site "Kragujevac"]
[Date "2018.09.14"]
[Round "1"]
[White "Mladenovic, Stefan"]
[Black "Nestorovic, Nikola"]
[Result "1-0"]
[WhiteElo "2355"]
[BlackElo "2453"]
[Annotator "TA"]
[PlyCount "71"]
[EventDate "2018.09.14"]
[EventType "team-tourn"]
[EventCountry "SRB"]
[SourceTitle "playchess.com"]
[Source "ChessBase"]
[SourceQuality "1"]

{[%evp 9,71,18,33,21,37,33,40,28,35,27,34,0,8,-6,-10,-18,0,-14,0,0,17,28,24,21,15,29,60,-14,-27,-47,-35,-34,134,127,125,117,282,240,292,285,285,293,342,135,137,29,28,23,18,4,48,48,52,0,0,0,482,468,462,445,457,438,654,646]} 1. d4 Nf6 2. Nf3 b6 {[%cal Bb7b6,Bb6b5,Bb5b4][%mdl 32]} 3. e3 Bb7 4. Bd3 g6 5. O-O Bg7 6. c4 {A47: 1 d4 Nf6 2 Nf3 b6: Torre, London and Colle Systems} c5 (6... O-O 7. Nc3 d6 8. e4 Nbd7 9. h3 e5 10. Be3 exd4 11. Bxd4 Re8 12. Re1 Nc5 13. Bc2 a5 14. Qd2 Nfxe4 15. Bxe4 Bxe4 16. Bxg7 Kxg7 17. Nxe4 Rxe4 18. Rxe4 Nxe4 {0-1 (51) Halkias,S (2585)-Bortnyk,O (2581) Tallinn 2016}) 7. d5 b5 8. Nc3 {White is slightly better.} b4 9. Ne2 d6 $146 ({Predecessor:} 9... Qc7 10. e4 e5 11. a3 O-O 12. h3 d6 13. Bg5 Nbd7 {½-½ (25) Laveryd,P (2405)-Bator,R (2431) Lidkoeping 1999}) 10. Nd2 O-O 11. f4 e6 12. e4 Nbd7 13. Nf3 exd5 14. exd5 Qb6 15. Kh1 $1 Rae8 16. h3 Ne4 {[#]} 17. f5 $1 {[%mdl 512]} Qd8 ({Of course not} 17... gxf5 $6 18. Nh4 $16) 18. g4 ({Better is} 18. Bxe4 $1 $14 Rxe4 19. Qc2) 18... gxf5 19. gxf5 Ndf6 20. Qc2 Bc8 $2 (20... Kh8 $15 {keeps the upper hand.}) 21. Ng5 $1 $16 {[%cal Rg5e4]} Nxg5 22. Bxg5 h6 $2 (22... Kh8 $16) 23. Bh4 $1 $18 Re3 24. Nf4 Kh8 25. Rg1 Rg8 26. Rg2 $2 (26. Qf2 $18 {is more deadly.} Qe7 27. Rxg7 $1 {[%mdl 512]} Rxg7 28. Bxf6 Rxh3+ 29. Nxh3 Qxf6 30. a3) 26... Qe7 27. Rag1 (27. Qf2 $16 Rxd3 28. Nxd3) 27... Qe5 $11 28. Qf2 {Bxf6 is the strong threat.} Nh5 $1 {[%cal Rh5f4]} 29. Nxh5 Rxh3+ 30. Rh2 Rxd3 31. Qg2 (31. Nxg7 $14 Rxg7 32. Re1) 31... Bxf5 {[#] Threatens to win with ...Be4.} 32. Bf6 $1 $36 {[%cal Rf6e5][%mdl 2560] [#] Black is under pressure.} Be4 $2 {[%mdl 8192]} (32... Rd1 $1 $11 {[%mdl 512] and Black is okay.} 33. Bxg7+ (33. Bxe5 Rxg1+ 34. Kxg1 Bxe5 $17) (33. Rxd1 Bxf6) 33... Rxg7 34. Nxg7 Rxg1+ 35. Kxg1 Qe3+ 36. Qf2 Qc1+ 37. Qf1 Qe3+ 38. Qf2 Qc1+ 39. Qf1 Qe3+ 40. Qf2) (32... Bxf6 33. Qxg8#) 33. Bxe5 $18 {White is clearly winning.} Bxg2+ 34. Rhxg2 {[%cal Re5g7]} dxe5 35. Nxg7 Rd4 ({Much worse is} 35... Rh3+ 36. Rh2 $18) (35... Rf3 $142 36. Nh5 Rc8) 36. Nf5 {Precision: White = 54%, Black = 42%.} 1-0

[Event "Central-SRB chT 2018"]
[Site "Kragujevac"]
[Date "2018.09.14"]
[Round "1"]
[White "Markovic, Zoran S"]
[Black "Marinkovic, Ivan"]
[Result "1-0"]
[WhiteElo "2346"]
[BlackElo "2459"]
[Annotator "TA"]
[PlyCount "77"]
[EventDate "2018.09.14"]
[EventType "team-tourn"]
[EventCountry "SRB"]
[SourceTitle "playchess.com"]
[Source "ChessBase"]
[SourceQuality "1"]

{[%evp 10,77,15,14,12,12,32,29,21,18,25,20,16,13,18,0,0,12,43,42,40,33,55,5,11,20,22,21,60,0,-3,-27,0,0,0,0,0,0,0,0,14,0,19,14,29,13,37,28,74,53,112,105,85,108,132,87,170,167,619,616,796,782,756,723,6093,6087,6079,6079,5343,5265]} 1. e4 e6 2. d4 d5 3. Nd2 c5 4. exd5 Qxd5 5. Ngf3 cxd4 6. Bc4 Qd7 {C07: French Tarrasch: 3...c5, 4 Ngf3 and 4 exd5 Qxd5} (6... Qd6 7. O-O Nf6 8. Nb3 Nc6 9. Nbxd4 Nxd4 10. Nxd4 a6 11. Re1 Qc7 12. Qe2 Bc5 13. c3 O-O 14. Bg5 b5 15. Bd3 Nd5 16. Qh5 g6 17. Qh4 Bb7 18. a4 bxa4 19. Rxa4 Rfe8 20. Nf3 {1-0 (29) Wei,Y (2729)-So,W (2780) chess.com INT 2018}) 7. O-O Nc6 8. Nb3 a6 {White has an edge.} 9. Nbxd4 Nxd4 10. Nxd4 Qc7 11. Bb3 Bd6 12. h3 Ne7 13. Qh5 $146 ({Predecessor:} 13. c3 O-O 14. Qh5 e5 15. Nf3 Bf5 16. Bg5 Bd3 17. Bxe7 Qxe7 18. Rfe1 Bg6 {½-½ (18) Sjugirov,S (2653)-Lupulescu,C (2618) Baku 2016}) 13... Qc5 (13... Ng6 {keeps more tension.} 14. Nf3 h6 15. Re1 O-O 16. Be3 b5) 14. Qxc5 Bxc5 15. Be3 b6 16. Ba4+ Bd7 $1 {[%cal Rd7a4]} 17. Bxd7+ Kxd7 18. Rad1 {Black must now prevent Nxe6+!} Kc8 19. c4 (19. Nf3 $14) 19... Rd8 $11 20. a3 e5 21. Nb3 Rxd1 22. Rxd1 Bxe3 23. fxe3 {[%mdl 4096] Endgame KRN-KRN} Ra7 24. c5 Rb7 25. Rd2 Kc7 26. Kf2 Kc6 27. Kf3 Nc8 28. Rc2 {Threatens to win with cxb6+.} Ne7 29. Ke4 f6 {[#]} ({Black should play} 29... Rd7 $1 $14) 30. cxb6+ $1 $16 Kxb6 31. Nc5 Rc7 32. b4 Nc6 {[#]} (32... Kb5 $16 {was called for.}) 33. Kd5 $1 $18 a5 $2 (33... Rc8 34. Kd6 Na7) 34. bxa5+ {White is clearly winning.} Nxa5 35. Rb2+ Ka7 36. Rb5 Nb7 37. Rxb7+ Rxb7 38. Nxb7 Kxb7 39. g4 {Precision: White = 62%, Black = 37%.} 1-0

[Event "Central-SRB chT 2018"]
[Site "Kragujevac"]
[Date "2018.09.14"]
[Round "1"]
[White "Mirkovic, Stevan"]
[Black "Todorovic, Bojan"]
[Result "0-1"]
[WhiteElo "2307"]
[BlackElo "2318"]
[Annotator "TA"]
[PlyCount "136"]
[EventDate "2018.09.14"]
[EventType "team-tourn"]
[EventCountry "SRB"]
[SourceTitle "playchess.com"]
[Source "ChessBase"]
[SourceQuality "1"]

{[%evp 16,136,81,64,83,61,85,39,45,41,65,39,38,29,59,59,62,69,72,30,18,18,20,7,2,18,7,0,0,-41,-27,-21,-10,0,-12,-15,0,-12,13,0,25,-12,51,30,80,0,12,-137,-142,-172,-187,-225,-218,-216,-219,-212,-211,-283,-210,-270,-260,-669,0,-232,0,-224,-208,-191,-200,-229,-239,-275,-245,-333,-270,-318,-272,-405,-261,-257,-265,-298,-265,-256,-246,-252,-196,-245,-240,-230,-222,-362,-297,-608,-412,-491,-479,-456,-409,-497,-483,-907,-908,-902,-884,-900,-661,-900,-900,-850,-821,-900,-900,-892,-877,-867,-710,-981,-795,-29994,-29995,-29995,-29996]} 1. Nf3 Nf6 2. c4 g6 3. Nc3 Bg7 4. e4 O-O 5. d4 d6 6. Be2 c5 7. O-O Nc6 8. d5 Na5 9. Rb1 {LiveBook: 17 Games} a6 {E91: King's Indian: Classical: 6 Be2, unusual replies including 6...c5 and 6...Bg4} (9... e5 10. a3 b6 11. b4 Nb7 12. Bg5 h6 13. Bh4 Qe8 14. Nd2 Nh7 15. Nb5 Qd7 16. Qc2 h5 17. f3 {0-1 (37) Zakhartsov,V (2531)-Kokarev,D (2624) Voronezh 2016}) 10. b3 Rb8 11. Bb2 Bg4 {White is slightly better.} 12. Re1 $146 ({Predecessor:} 12. Nd2 Qc8 13. h3 Bxe2 14. Qxe2 Nh5 15. Rfe1 Nf4 16. Qf1 e5 17. dxe6 fxe6 {0-1 (57) Lieb,H (2255)-Kirk,L Guernsey 1994}) 12... Nd7 13. Nd2 Bxe2 14. Qxe2 e5 15. a3 Bh6 16. Bc1 $1 {aiming for b4.} b6 17. b4 cxb4 18. axb4 Nb7 19. Nb3 Bxc1 20. Rexc1 {[%cal Be1c1,Bc1c3,Bc3h3][%mdl 32]} a5 21. bxa5 bxa5 22. Nb5 Nbc5 23. Nd2 Rb6 24. Ra1 a4 25. Rc3 f5 26. exf5 Rxf5 27. Rh3 Rf4 28. Rf3 Qf6 (28... Rxf3 $11 29. Nxf3 Qf6) 29. Rfa3 $14 Rb8 {[%cal Bb6b8,Bb8f8,Bf8e8,Be8e4][%mdl 32]} 30. f3 (30. g3 $16 Rf5 31. Nc3) 30... e4 31. fxe4 {[#]} (31. Nxe4 $11 {keeps the balance.} Nxe4 32. g3 Nxg3 33. hxg3) 31... Rf8 $1 $17 32. Nf3 Rxe4 33. Qc2 Ne5 34. Nbd4 Nxf3+ 35. Nxf3 Qf4 36. Rc3 Rfe8 {...Nb3 is the strong threat.} 37. Qf2 Re2 ({Resist} 37... Rxc4 38. Rxc4 Qxc4 39. Qd4 $19) 38. Qd4 $2 (38. Qh4 Qxh4 39. Nxh4) 38... R2e4 $2 (38... R8e4 39. Qd1 R2e3) 39. Qf2 $19 Re2 $2 (39... Rxc4 $19 40. Rxc4 Qxc4) 40. Qg3 $2 (40. Qd4 $1 $11 Ne4 41. Rf1) 40... Qxg3 41. hxg3 R8e4 42. Kh2 Rb2 43. Kh3 h6 {[%cal Bh7h6,Bh6h5][%mdl 32]} 44. Rf1 g5 45. g4 Rb3 46. Rc2 {[#]} (46. Rfc1 {was necessary.}) 46... h5 $1 {[%mdl 512]} 47. Kh2 (47. gxh5 Rh4+) 47... Rxg4 48. Rd1 a3 49. Ra1 Rb2 50. Rd2 Rh4+ 51. Kg1 Rxd2 52. Nxd2 {[%mdl 4096] Endgame KRN-KRN} Rd4 53. Ra2 (53. Nf3 $142 Rxc4 54. Rxa3) 53... Rd3 54. Kf1 $2 (54. Kh2) 54... Rc3 55. Ke2 Nd3 {And now ...Nc1+ would win.} 56. Ra1 Nf4+ 57. Kf1 {and the idea Ne4 leaves White hopeful.} Rc2 58. Rxa3 (58. Nb3 $142 a2 59. Nc1) 58... Rxd2 {KRN-KR} 59. g3 Nd3 60. Ra6 Rf2+ 61. Kg1 Rf6 62. Ra7 Ne5 63. Rc7 Rf7 64. Rc8+ Kg7 65. Kg2 Kf6 66. Kh3 g4+ 67. Kh4 Kf5 68. Rh8 Ng6+ {Precision: White = 25%, Black = 68%.} 0-1

[Event "Central-SRB chT 2018"]
[Site "Kragujevac"]
[Date "2018.09.14"]
[Round "1"]
[White "Rajkovic, Mladen"]
[Black "Radivojevic, Ivan"]
[Result "0-1"]
[WhiteElo "2304"]
[BlackElo "2360"]
[Annotator "TA"]
[PlyCount "114"]
[EventDate "2018.09.14"]
[EventType "team-tourn"]
[EventCountry "SRB"]
[SourceTitle "playchess.com"]
[Source "ChessBase"]
[SourceQuality "1"]

{[%evp 22,114,22,5,4,7,46,39,48,-74,-61,-59,-85,-69,-83,-83,-79,-83,-85,-85,-33,-40,-37,-37,-37,-37,-33,-39,0,-39,-38,-113,-10,-120,-118,-114,-118,-241,-139,-134,-137,-145,-135,-123,-108,-123,-85,-103,-62,-116,0,-96,-42,-141,-47,-14,-8,-112,-115,-106,-95,-102,-89,-178,-178,-213,-213,-343,-327,-605,-580,-605,-545,-808,-335,-325,-148,-1017,-148,-1496,-782,-740,-494,-29978,-29979,-29979,-29979,-29979,-29980,-29980,-29981,-29985,-29986,-29986,-29987]} 1. e4 c6 2. d4 d5 3. e5 Bf5 4. Nf3 e6 5. Be2 c5 6. Be3 cxd4 7. Nxd4 Ne7 8. Nd2 {B12: Caro-Kann: Advance Variation} Nbc6 9. N2f3 Bg4 10. O-O Bxf3 11. Nxf3 Ng6 12. c4 {LiveBook: 11 Games} dxc4 $1 13. Bxc4 {[#]} a6 $146 ({Predecessor:} 13... Qc7 14. Rc1 Be7 15. Qb3 O-O {1-0 (41) Volokitin,A (2695)-Laznicka,V (2703) San Sebastian 2012}) 14. Qb3 Na5 15. Qa4+ (15. Qc2 $14 {keeps the upper hand.}) 15... b5 $17 16. Bxb5+ axb5 17. Qxb5+ Qd7 18. Qxd7+ Kxd7 19. Rfd1+ Ke8 20. Rac1 Ne7 (20... Nb7 $17) 21. Nd4 $15 {aiming for b4.} Nd5 22. Nb5 {Threatens to win with Rxd5!} Be7 23. Nc7+ Nxc7 24. Rxc7 Bd8 25. Rc2 f6 26. f4 (26. b4 $15 Nb7 27. b5) 26... Rf8 (26... fxe5 $17 27. fxe5 Rf8) 27. b4 (27. f5 $1 $11) 27... Nb7 $17 28. Rc6 Rf7 29. f5 (29. Rxe6+ $17 Re7 30. Rxe7+ Bxe7 31. exf6 gxf6 32. Rd5) 29... Rd7 ({Not} 29... Rxa2 30. fxe6 Re7 31. b5 $15) (29... exf5 $19 30. exf6 Bxf6) 30. Rxe6+ Be7 31. Rxd7 Kxd7 32. Rb6 Nd8 $1 33. e6+ Kc7 34. Rb5 Kc6 ({Of course not} 34... Rxa2 $6 35. Rd5 $11) 35. Rb6+ (35. Ra5 $15 Rxa5 36. bxa5) 35... Kc7 36. Rb5 $1 Nc6 ({Don't play} 36... Rxa2 $6 37. Rd5 $11) ({Black should try} 36... Nb7 $17 37. Rd5 Kc6) 37. Bf4+ (37. Rd5 $15 Bd6 38. b5) 37... Ne5 (37... Kc8 $1 $17 {White must now prevent ...Nd4.} 38. Kf1 Nxb4) 38. Bxe5+ $15 fxe5 {[%mdl 4096] Endgame KRB-KR} 39. Rd5 (39. Ra5 $11 {remains equal.} Rxa5 40. bxa5) 39... Bxb4 $17 40. Rxe5 Kd6 41. Re2 h5 42. g3 (42. h3 $17) 42... Ke7 $19 43. Kg2 {[#]} Kf6 $1 44. Rb2 (44. h3 {is a better defense.}) 44... Be7 45. Rb5 $2 (45. Kf1) 45... Rxa2+ 46. Kh3 Rf2 47. g4 hxg4+ (47... Rf3+ $142 48. Kg2 hxg4) 48. Kxg4 Rxh2 (48... Rg2+ $19 {is more deadly.} 49. Kf4 Rg5) 49. Rd5 $2 {[%mdl 8192] [#]} (49. Rb7 $17) 49... Rc2 $2 (49... Rg2+ $1 $19 {and Black stays clearly on top.} 50. Kf3 Rg5) 50. Rb5 $2 {[%mdl 8192]} (50. Rd7 $17) 50... Rc4+ 51. Kf3 Rc5 52. Rxc5 (52. Rb7 $19 Rxf5+ 53. Kg4 Rg5+ 54. Kh3) 52... Bxc5 {KB-KPP. Black mates.} 53. Ke4 Ba3 54. Kf4 Be7 55. Kg4 Bd6 56. Kh5 Kxf5 57. e7 g6+ {Precision: White = 29%, Black = 46%.} 0-1